Sasṃskr̥ti ke parivrājaka. (Record no. 70422)
[ view plain ]
| 000 -LEADER | |
|---|---|
| fixed length control field | 00755cam a22002411 4500 |
| 001 - CONTROL NUMBER | |
| control field | sa 66006263 |
| 003 - CONTROL NUMBER IDENTIFIER | |
| control field | DLC |
| 005 - DATE AND TIME OF LATEST TRANSACTION | |
| control field | 20260227112255.0 |
| 008 - FIXED-LENGTH DATA ELEMENTS--GENERAL INFORMATION | |
| fixed length control field | 910610s1965 ii c b 000 0 hino |
| 010 ## - LIBRARY OF CONGRESS CONTROL NUMBER | |
| LC control number | sa 66006263 |
| 035 ## - SYSTEM CONTROL NUMBER | |
| System control number | (OCoLC)23907629 |
| 040 ## - CATALOGING SOURCE | |
| Original cataloging agency | DLC |
| Transcribing agency | WaU |
| Modifying agency | DLC |
| 050 00 - LIBRARY OF CONGRESS CALL NUMBER | |
| Classification number | DS435.7.K3 |
| Item number | S2 |
| 245 00 - TITLE STATEMENT | |
| Title | Sasṃskr̥ti ke parivrājaka. |
| 260 ## - PUBLICATION, DISTRIBUTION, ETC. | |
| Date of publication, distribution, etc. | [1965] |
| 300 ## - PHYSICAL DESCRIPTION | |
| Extent | 400 p. |
| Other physical details | ports. |
| Dimensions | 26 cm. |
| 500 ## - GENERAL NOTE | |
| General note | In Hindi. |
| 500 ## - GENERAL NOTE | |
| General note | Selections from the works of Dattatraya Balkrishna Kalelkar: p. 195-389. |
| 504 ## - BIBLIOGRAPHY, ETC. NOTE | |
| Bibliography, etc. note | List of works of Dattatraya Balkrishna Kalalkar: p. 391-400. |
| 600 10 - SUBJECT ADDED ENTRY--PERSONAL NAME | |
| Personal name | Kalelkar, Dattatraya Balakrishna, |
| Dates associated with a name | 1885- |
| 700 1# - ADDED ENTRY--PERSONAL NAME | |
| Personal name | Kalelkar, Dattatraya Balakrishna, |
| Dates associated with a name | 1885- |
| 700 0# - ADDED ENTRY--PERSONAL NAME | |
| Personal name | Shriman Narayan, |
| Dates associated with a name | 1912- |
No items available.